Tilastot visalle Helsingin katuja 8: Katajanokka

Klikkaa tästä pelataksesi tätä visaa!

Yleistilastot

  • Tätä visaa on pelattu 3 kertaa
  • Keskiarvotulos 19 / 33

Vastaustilastot

nimi% Oikein
katuVyökatu – Gördelgatan
100%
katuSatamakatu – Hamngatan
100%
katuLinnankatu – Slottsgatan
100%
katuPuolipäivänkatu – Tolvskottsgatan
100%
katuKatajanokankatu – Skatuddsgatan
100%
katuPormestarinrinne – Borgmästarebrinken
100%
katuLuotsikatu – Lotsgatan
100%
katuMatruusinkatu – Matrosgatan
50%
katuMastokatu – Mastgatan
50%
polkuMastokoukku – Mastkroken
50%
polkuMerisotilaankuja – Flottistgränden
50%
polkuMatruusinkuja – Matrosgränden
50%
katuMerikasarminkatu – Marinkasernsgatan
50%
katuMerisotilaankatu – Flottistgatan
50%
aukioMerisotilaantori – Flottisttorget
50%
katuRahapajankatu – Myntgatan
50%
aukioMartti Ahtisaaren aukio – Martti Ahtisaaris plats
50%
katuAmiraalinkatu – Amiralsgatan
50%
polkuAmiraalinkuja – Amiralsgränden
50%
katuLaukkasaarenkatu – Lökholmsgatan
50%
polkuLaukauskuja – Skottgränden
50%
katuLaivastokulku – Maringången
50%
katuLaivastokuja – Maringränden
50%
katuLaivastokatu – Maringatan
50%
katuKruunuvuorenkatu – Kronbergsgatan
50%
katuKauppiaankatu – Köpmansgatan
50%
katuKatajanokanranta – Skatuddsstranden
50%
katuKatajanokanlaituri – Skattudskajen
50%
katuKanavaranta – Kanalkajen
50%
katuLinnankuja – Slottsgränden
50%
katuPikku Satamakatu – Lilla Hamngatan
0%
katuKanavakatu – Kanalgatan
0%
katuAnkkurikatu – Ankargatan
0%

Tulosjakauma

Persentiili vastausten määrän mukaan

Jokaisen tuloksen saaneiden osuus

Tuloshistoriasi

Et ole pelannut tätä visaa